000 00903cam a22003017a 4500
003 CHAP
005 20220817042711.0
008 971013s1970 r 00010 d
010 _a52731
011 _a53703
035 _a57853
040 _cCHAP
082 _a506.58
_bW67 1969-70
245 1 4 _aThe world of learning, 1969-70
250 _a10 ed.
260 _aLondon :
_bEuropa Publications,
_c1970
300 _a1843 p.
590 _aBATCH-UPD
_b10
_c20130110
_lUCH01
_h1427
590 _aBATCH-UPD
_b10
_c20130410
_lUCH01
_h0906
590 _aBATCH-UPD
_b10
_c20130914
_lUCH01
_h1245
590 _aCONVERSION
_b10
_c20130109
_lUCH01
_h1328
650 1 4 _aEducación superior.
650 1 4 _aInstituciones científicas.
_958974
650 1 4 _aInstituciones y sociedades doctas.
_958982
901 _aBK
942 _cLIBRO
949 _a506.58 W67 1969-70
_bBC
_cC
_d-125700
_eC
_h14141
_i57853
_si
_t412.00
999 _c52731
_d52731